000 00424nam a2200181Ia 4500
001 16230
005 20260306170254.0
008 260306t2015||||xx |||||||||||||| ||und||
041 _aESP
082 _a347.51
_bA186
100 _aAtoche Fernández Paola
_eAUT
245 0 _aEstatutos societarios
260 _c2015
300 _a222 páginas :
_c24 cm.
650 _aGEN
654 _aCDE
942 _cLIB
_dJUS
_fJUS
_2ddc
_n
999 _c16230
_d16230